000 00371nam a22001577a 4500
005 20170919160022.0
008 170919b xxu||||| |||| 00| 0 eng d
020 _a81-7409-173-4
041 _aeng
082 _a621.310 42
100 _aBimbhra,Dr P S
_93949
245 _aElectrical Machinery
260 _aNew Delhi
_bKhanna Publishers
300 _a1100
942 _cBK
999 _c5593
_d5591